MESTSKÁ KNIŽNICA GIRALTOVCE  - online katalóg 

Malá encyklopédia chémie (Record no. 19121)

000 -NÁVESTIE
fixed length control field 01057nam a2200253 a 4500
008 - ÚDAJE S PEVNOU DĹŽKOU – VŠEOBECNÉ INFORMÁCIE
fixed length control field 951212s1980||||CS 0 slo c
020 ## - MEDZINÁRODNÉ ŠTANDARDNÉ ČÍSLO KNIHY (ISBN)
Údaje o dostupnosti 99 Kčs.
Qualifying information (15000 výtl.)
040 ## - ZDROJ KATALOGIZÁCIE
Pôvodná katalogizujúca agentúra SNK
Jazyk katalogizácie slo
Prepisujúca agentúra SNK
Konvencie popisu AACR2
080 ## - ČÍSLO MEDZINÁRODNÉHO DESATINNÉHO TRIEDENIA (MDT)
Číslo Medzinárodného desatinného triedenia (MDT) 54(031)
080 ## - ČÍSLO MEDZINÁRODNÉHO DESATINNÉHO TRIEDENIA (MDT)
Číslo Medzinárodného desatinného triedenia (MDT) 030.1
080 ## - ČÍSLO MEDZINÁRODNÉHO DESATINNÉHO TRIEDENIA (MDT)
Číslo Medzinárodného desatinného triedenia (MDT) 54
044 ## - KÓD KRAJINY VYDAVATEĽA/PRODUCENTA
Kód krajiny MARC xo
Kód krajiny ISO SK
041 ## - KÓD JAZYKA
Kód jazyka textu/zvukovej stopy alebo samostatných nápisov slo
245 10 - NÁZOV
Názov Malá encyklopédia chémie
Zvyšok názvu Anorganická chémia. Organická chémia. Biochémia. Farmaceutická chémia. Fyzikálna chémia. Agrochémia. Geochémia. Analytická chémia. Rádiochémia. Jadrová chémia. Plasty. Chemické ; Jaroslav Bína, Tibor Hrabovský, Jaroslav Polák
250 ## - ÚDAJ O PORADÍ VYDANIA
Údaj o poradí vydania 2., preprac. a dopl. vyd.
260 ## - VYDAVATEĽSKÉ ÚDAJE, DISTRIBÚCIA ATĎ.
Miesto publikovania, distribúcie atď. Bratislava
Názov vydavateľa, distibútora atď. Obzor
Dátum publikovania, distribúcie atď. 1980
Miesto výroby Bratislava
Výrobca Pravda
300 ## - FYZICKÝ POPIS
Rozsah 832 s., 97,72 AH
Ďalšie fyzické detaily Tb. Fot. Sch.
Rozmery 24 cm
490 0# - EDÍCIA
Edícia Malé encyklopédie
500 ## - VŠEOBECNÁ POZNÁMKA
Formátovaná poznámka o obsahu Periodická sústava chem. prvkov na predsádke. Symboly veličín a zn. Rus. názvoslovie anorganických zlúčenín. Men. reg.
700 1# - PRIDANÝ VSTUP – OSOBNÉ MENO
Osobné meno Bína, Jaroslav
Kód roly zos
700 1# - PRIDANÝ VSTUP – OSOBNÉ MENO
Osobné meno Hrabovský, Tibor
Kód roly gup
700 1# - PRIDANÝ VSTUP – OSOBNÉ MENO
Osobné meno Polák, Jaroslav
Kód roly gup
958 ## - Formálny deskriptor
Formálny deskriptor A
Holdings
Stav stiahnutia (Blokovanie) (Withrawn status) Stav straty Stav poškodenia (Damaged status) Nie pre výpožičky (Not for loan) Spôsob nadobudnutia (Collection code) Trvalé umiestnenie Aktuálne umiestnenie Dátum nadobudnutia Náklady, bežná kúpna cena Inventárne číslo (prírastkové číslo) Full call number Dátum posledného výskytu Cena s účinnosťou od Typ jednotky Koha
        Kúpa Mestská knižnica Giraltovce Mestská knižnica Giraltovce 2019-11-29 99.00 17689 I 1351 2019-11-29 2019-11-29 Odborná literatúra pre dospelých

Powered by Koha